Los pigmeos / (Registro nro. 11122)

Detalles MARC
000 -CABECERA
Longitud fija campo de control 00884nam a2200229 4500
003 - • IDENTIFICADOR DELl NÚMERO DE CONTROL
Identificador del número de control CO-ViMGA
020 ## - • NÚMERO INTERNACIONAL NORMALIZADO PARA LIBROS
Número Internacional Normalizado para Libros (ISBN) 9789588827469
040 ## - FUENTE DE LA CATALOGACIÓN
Centro catalogador de origen CO-ViMGA
Lengua de catalogación spa
Centro transcriptor CO-ViMGA
100 1# - • PUNTO DE ACCESO PRINCIPAL-NOMBRE DE PERSONA
Nombre de persona Hawthorne, Nathaniel,
245 10 - • TITULO PROPIAMENTE DICHO
Título Los pigmeos /
Mención de responsabilidad, etc. Nathaniel Hawthorne ; traducción M. Juderías Bender ; editor Rafael Yockteng
250 ## - • MENCIÓN DE EDICIÓN
Mención de edición Edición especial para el Ministerio de Cultura
300 ## - • DESCRIPCIÓN FÍSICA
Extensión 30 páginas :
Otras características físicas ilustraciones en color ; 27 cm
490 ## - • MENCIÓN DE SERIE
Mención de serie Leer es mi cuento ; 11
650 14 - • PUNTO DE ACCESO ADICIONAL DE MATERIA - TÉRMINO DE MATERIA
Término de materia o nombre geográfico como elemento inicial Literatura Infantil Estadounidenses - Siglo Xix;
650 14 - • PUNTO DE ACCESO ADICIONAL DE MATERIA - TÉRMINO DE MATERIA
Término de materia o nombre geográfico como elemento inicial Cuentos Infantiles Estadounidenses - Siglo Xix;
650 14 - • PUNTO DE ACCESO ADICIONAL DE MATERIA - TÉRMINO DE MATERIA
Término de materia o nombre geográfico como elemento inicial Mitologia Griega
700 1# - • PUNTO DE ACCESO ADICIONAL - NOMBRE DE PERSONA
Nombre de persona Juderías Bender, Mario, traductor ;
Término indicativo de función il.
700 1# - • PUNTO DE ACCESO ADICIONAL - NOMBRE DE PERSONA
Nombre de persona Yockteng, Rafael, 1976- ,
Término indicativo de función il.
942 ## - ENTRADA DE ELEMENTOS AGREGADOS (KOHA)
Fuente de clasificaión o esquema Dewey Decimal Classification
Koha [por defecto] tipo de item LIbro
Existencias
Perdido Fuente de clasificación o esquema Estado Físico No para préstamo Forma de adquisición Localización permanente Localización actual Fecha adquisición Préstamos totales Signatura completa Código de barras Fecha última consulta Número de copia Fecha del precio de reemplazo Tipo de item de Koha Localización en estanterías Note pública
  Dewey Decimal Classification     Infantil Biblioteca Pública San Carlos de Guaroa - Eduardo Carranza Biblioteca Pública San Carlos de Guaroa - Eduardo Carranza 12/03/2025   C HAW1p SG04399 12/03/2025 Ej.1 12/03/2025 LIbro Sala Infantil  
  Dewey Decimal Classification     Sala General Biblioteca Barrio Emporio - Villavicencio Biblioteca Barrio Emporio - Villavicencio 03/31/2017   C HAW1 031745 03/31/2017 Ej. 1 03/31/2017 LIbro    
        Colección Sala Infantil de Literatura Pocatil y Tilín Biblioteca Pública Departamental Eduardo Carranza - Villavicencio Biblioteca Pública Departamental Eduardo Carranza - Villavicencio 02/18/2016   C HAW1p ECA24569 11/26/2024 Ej.3 11/26/2024 LIbro Sala Infantil 18373 | 23502
        Colección Sala Infantil de Literatura Pocatil y Tilín Biblioteca Pública Departamental Eduardo Carranza - Villavicencio Biblioteca Pública Departamental Eduardo Carranza - Villavicencio 12/15/2015   C HAW1p ECA24443 11/26/2024 Ej.1 11/26/2024 LIbro Sala Infantil 18373 | 23499
        Colección Sala Infantil de Literatura Pocatil y Tilín Biblioteca Pública Departamental Eduardo Carranza - Villavicencio Biblioteca Pública Departamental Eduardo Carranza - Villavicencio 02/18/2016   C HAW1p ECA24567 11/26/2024 Ej.4 11/26/2024 LIbro Sala Infantil 18373 | 23500
        Colección Sala Infantil de Literatura Pocatil y Tilín Biblioteca Pública Departamental Eduardo Carranza - Villavicencio Biblioteca Pública Departamental Eduardo Carranza - Villavicencio 02/18/2016   C HAW1p ECA24568 11/26/2024 Ej.2 11/26/2024 LIbro Sala Infantil 18373 | 23501
  Dewey Decimal Classification     Infantil Biblioteca Pública La Macarena Biblioteca Pública La Macarena 07/30/2024   C HAW LM001581 07/30/2024 Ej.3 07/30/2024 Libro Infantil Sala Infantil  
  Dewey Decimal Classification     Infantil Biblioteca Pública San Juanito - Ernesto Maria Peña Romero Biblioteca Pública San Juanito - Ernesto Maria Peña Romero 02/16/2024   C HAW SJU00631 02/16/2024 Ej.1 02/16/2024 LIbro Sala Infantil  









Instituto Departamental de Cultura del Meta - Red Departamental de Bibliotecas Públicas del Meta.